<?xml version="1.0" encoding="UTF-8"?>
<record
    xmlns:xsi="http://www.w3.org/2001/XMLSchema-instance"
    xsi:schemaLocation="http://www.loc.gov/MARC21/slim http://www.loc.gov/standards/marcxml/schema/MARC21slim.xsd"
    xmlns="http://www.loc.gov/MARC21/slim">

  <leader>00456nam a2200157Ia 4500</leader>
  <controlfield tag="008">230718s9999    xx            000 0 und d</controlfield>
  <datafield tag="041" ind1=" " ind2=" ">
    <subfield code="a">eng</subfield>
  </datafield>
  <datafield tag="082" ind1=" " ind2=" ">
    <subfield code="a">378.112</subfield>
    <subfield code="b">LAL</subfield>
  </datafield>
  <datafield tag="100" ind1=" " ind2=" ">
    <subfield code="a">Lal</subfield>
  </datafield>
  <datafield tag="245" ind1=" " ind2=" ">
    <subfield code="a">UGC Net/Jrf/Set Teaching And Research Aptitude:</subfield>
    <subfield code="b">General Paper-1</subfield>
  </datafield>
  <datafield tag="260" ind1=" " ind2=" ">
    <subfield code="c">2010</subfield>
    <subfield code="b">Upkar Prakashan</subfield>
  </datafield>
  <datafield tag="300" ind1=" " ind2=" ">
    <subfield code="a">387</subfield>
  </datafield>
  <datafield tag="365" ind1=" " ind2=" ">
    <subfield code="c">Rs.</subfield>
    <subfield code="b">235.00</subfield>
  </datafield>
  <datafield tag="700" ind1=" " ind2=" ">
    <subfield code="a">Lal; Jain  &amp; Vashistha K.C.</subfield>
  </datafield>
  <datafield tag="906" ind1=" " ind2=" ">
    <subfield code="d">O:0063126-Feb-2010B:291806-Feb-2010</subfield>
    <subfield code="c">GENRL</subfield>
    <subfield code="b">352.5</subfield>
  </datafield>
  <datafield tag="999" ind1=" " ind2=" ">
    <subfield code="c">324330</subfield>
    <subfield code="d">324330</subfield>
  </datafield>
  <datafield tag="952" ind1=" " ind2=" ">
    <subfield code="0">0</subfield>
    <subfield code="1">0</subfield>
    <subfield code="4">0</subfield>
    <subfield code="7">0</subfield>
    <subfield code="a">CCEP</subfield>
    <subfield code="b">CCEP</subfield>
    <subfield code="d">2010-02-26</subfield>
    <subfield code="e">Om Book Stall</subfield>
    <subfield code="f">GENRL</subfield>
    <subfield code="g">199.75</subfield>
    <subfield code="i">2918</subfield>
    <subfield code="l">0</subfield>
    <subfield code="o">378.112</subfield>
    <subfield code="p">CCEP-BK-35537</subfield>
    <subfield code="r">2023-07-18 00:00:00</subfield>
    <subfield code="t">352.5</subfield>
    <subfield code="v">235.00</subfield>
    <subfield code="w">2010-02-06</subfield>
    <subfield code="y">BK</subfield>
    <subfield code="z">035537</subfield>
  </datafield>
</record>
